000 00629nam a2200253Ia 4500
005 20250425162220.0
008 250425s9999 xx 000 0 und d
020 _a8473563700
041 _aspa
043 _asp
082 _a658.403 801 1
100 _aGINER FUENTE, FERNANDO DE LA
245 0 _aLOS SISTEMAS DE INFORMACION EN LA SOCIEDAD DEL CONOCIMIENTO
250 _a1A ED.
260 _aEspaƱa
_bESIC
_c2004
260 _aMADRID
300 _a215
500 _aCONTIENE GRAFICOS
650 _aSISTEMAS DE INFORMACION
650 _aSOCIEDAD
710 _aESIC EDITORIAL
942 _c01
010 _a57243
999 _c224682
_d224682